Builder's equipment (Record no. 36219)

MARC details
000 -LEADER
fixed length control field 00488nam a2200133 a 4500
008 - FIXED-LENGTH DATA ELEMENTS--GENERAL INFORMATION
fixed length control field 120416s1964 ||||||||||||||||| || u
050 ## - LIBRARY OF CONGRESS CALL NUMBER
Classification number TH 900 Bar
245 10 - TITLE STATEMENT
Title Builder's equipment
246 ## - VARYING FORM OF TITLE
Title proper/short title G. Barber
260 ## - PUBLICATION, DISTRIBUTION, ETC.
Place of publication, distribution, etc. London
Name of publisher, distributor, etc. Newnes-Butterworths
Date of publication, distribution, etc. 1964
300 ## - PHYSICAL DESCRIPTION
Extent [6], 174p. : ill.
350 ## - PRICE (NR) (BK AM CF MU VM SE) [OBSOLETE]
Price 0.00
995 ## - RECOMMENDATION 995 [LOCAL, UNIMARC FRANCE]
-- 0.00
-- CBU-MAIN LIBRARY (Kitwe)
-- 1
-- 4.40
-- 1
-- AVAILABLE
-- Mar 7, 2013
-- Jul 7, 2006
-- Annex Low-Usage Collection
Holdings
Withdrawn status Lost status Source of classification or shelving scheme Damaged status Not for loan Home library Current library Shelving location Date acquired Total Checkouts Full call number Barcode Date last seen Price effective from Koha item type
          CBU-MAIN LIBRARY, KITWE. CBU-MAIN LIBRARY, KITWE.   11/30/2022   TH 900 Bar 016118 11/30/2022 11/30/2022 MONOGRAPH